000
00245nam a2200109Ia 4500
008
220204s9999 xx 000 0 und d
082
_a
954
_b
KUL
100
_a
Kuldip Nayar
245
0
_a
India after Nehru
260
_a
Bombay
_b
Vikas
942
_c
BK
999
_c
25375
_d
25375